00448nam a2200133 a 450000500170000000800410001702000180005805000210007610000230009724500730012026000730019330000170026665000310028320140412111330.0030206s19uu xx 00 eng d a971-8543-16-3 aFil EbNe24 1990 aMacapagal, Mayette aSi Neneng at ang tindang tubig /cby Mayette Macapagal ; Mike Victa. aManila, Philippines :bAsian Social Institute Printing Press,c1990. a12 p. ; ill. aFilipino, Children stories